MARC

LEADER 00000nam0a2200000 4500
001 269858
005 20231101234307.0
020 |a RU  |b 87-30895 
035 |a (RuTPU)RU\TPU\book\293036 
090 |a 269858 
100 |a 20140922d1987 k y0rusy5003 ca 
101 0 |a rus 
102 |a RU 
105 |a a z 000zy 
200 1 |a Повышение долговечности строительных конструкций и материалов  |e сборник научных трудов  |f Уфимский научно-исследовательский и конструкторский институт промышленного строительства (Уфимский НИИпромстрой) ; под ред. Б. В. Гончарова 
210 |a Уфа  |c Изд-во НИИпромстрой  |d 1987 
215 |a 93 с.  |c граф. 
606 1 |a Строительные конструкции  |x Долговечность  |2 stltpush  |3 (RuTPU)RU\TPU\subj\57350  |9 75212 
610 1 |a материалы 
610 1 |a защита от коррозии - 
610 1 |a модификаторы 
610 1 |a ржавчина 
610 1 |a смазка 
610 1 |a кинетика 
610 1 |a коррозия 
675 |a 691:620.16  |z rus  |v 3 
702 1 |a Гончаров  |b Б. В.  |4 340 
712 0 2 |a Уфимский научно-исследовательский и конструкторский институт промышленного строительства (Уфимский НИИпромстрой)  |c (1987- )  |2 stltpush  |3 (RuTPU)RU\TPU\col\19214 
801 0 |a RU  |b RuMRKP  |c 19950417  |g psbo 
801 1 |a RU  |b 63413507  |c 20140922 
801 2 |a RU  |b 63413507  |c 20161202  |g RCR 
942 |c BK